00585 2200193 4500001002100000008004100021035002000062245010700082100002800189250001000217260004800227300002400275020002300299084001600322082001000338650002100348990001100369990001100380INLIS000000000015419 ind  a0010-1222000498 aKumpulan Cerpen Menjadi Guru yang Berprestasi Bukan GurucNi Kadek Sri Widyawati; editor, Nurrahmawati aKADEK, Sri Widyawati Ni acet.1 aYogyakarta :bBintang Pustaka Madani,c2021 avii, 60 hal.c21 cm a978-623-6143--48-3 a371.3 KAD k a371.3 aPENDIDIKAN. GURU a9852 a a9852 b